| 000 | 00873nam a2200253 i 4500 | ||
|---|---|---|---|
| 001 | 184849 | ||
| 003 | ES-MaACL | ||
| 005 | 20240224135548.0 | ||
| 008 | 160204s2009 sp d |||| | spa d | ||
| 020 | _a978-84-936201-2-7 | ||
| 080 | _a34(038) | ||
| 245 | 0 | 0 |
_aDiccionario jurídico El Derecho / _c[coordenador general, Federico Fernández de Buján y Fernández]. |
| 260 |
_aMadrid : _bEl Derecho, _c2009. |
||
| 300 |
_aXXVIII, 1457 p. ; _c25 cm. |
||
| 500 | _aÍndices. | ||
| 504 | _aReferencias legislativas. | ||
| 505 | 8 | _aContiene: A. ab intestato . Z. zona marítimo-terreste | |
| 650 | 7 |
_aDerecho- _vDiccionarios. _911610 |
|
| 700 | 1 |
_aBuján, Federico F. de. _9158683 |
|
| 710 | 2 |
_aEl Derecho (Editorial) _9158682 |
|
| 852 | 4 |
_aES-MaACL _jA-15195 _bR.151077 _9 191864 _cDEPO1 _dOlim: DIC 34 dic _dOlim: Meseton |
|
| 942 | _2udc | ||
| 999 |
_c184849 _d184849 |
||